Human-Machine Interface Design for Process Control Applications /

Salvato in:
Dettagli Bibliografici
Autore principale: Fiset, Jean-Yves (Autore)
Natura: Libro
Lingua:inglese
Pubblicazione: Research Triangle Park ISA 2009
Soggetti:
Tags: Aggiungi Tag
Nessun Tag, puoi essere il primo ad aggiungerne!!

MARC

LEADER 00000nam a22000003a 4500
001 0083879
003 SK-STU
005 20201022091327.7
007 ta
008 201022s ----xo-----e------000-0-----d
020 |a 978-1-934394-35-9 
040 |a STU  |b slo 
041 0 |a eng 
044 |a xxu 
100 1 |a Fiset, Jean-Yves  |4 aut 
245 1 0 |a Human-Machine Interface Design for Process Control Applications /  |c aut. Jean-Yves Fiset 
260 |a Research Triangle Park  |b ISA  |c 2009 
300 |a 171 s. 
650 0 7 |a vizualizácia riadiacich procesov 
996 |b 284M088444  |c M* 14367-1  |l MMKN  |s A  |a 24  |w 0083879_0001